Wörterbuch der deutschen Mundart von Tischelwang/Timau (It.) für die Sprachgemeinschaft von Tischelwang/Timau

Bibliographic Details
Main Author: Gasser, Anna, 1956- (Author)
Other Authors: Geyer, Ingeborg 1950-
Format: Book
Language:German
Italian
PhysicalDescription:603 s. 23 cm
Published: Wien Praesens 2002
ISBN:3706901692
Series:Beiträge zur Sprachinselforschung
Subjects:

MARC

LEADER 00000nam a2200000 a 4500
001 vtls001483102
003 SK-MaSNL
005 20260302040643.0
008 240313s2002 au g d 00100dger
020 |a 3706901692  |q (brož.) 
035 |a SNK000438398 
040 |a SNK  |b slo  |c SNK  |e AACR2 
041 0 |a ger  |a ita 
044 |a au  |c AT 
072 7 |a 811.112.2  |x Nemčina  |2 konspekt 
080 |a 811.112.2  |2 MDT-MRF 
080 |a 81`282  |2 MDT-MRF 
080 |a 81`374  |2 MDT-MRF 
080 |a (038) 81  |2 MDT-MRF 
100 1 |a Gasser, Anna,  |d 1956-  |4 aut  |9 69798 
245 1 0 |a Wörterbuch der deutschen Mundart von Tischelwang/Timau (It.)  |b für die Sprachgemeinschaft von Tischelwang/Timau  |c Anna Gasser und Ingeborg Geyer 
246 3 1 |a Glossario Timavese (It.) 
260 |a Wien  |b Praesens  |c 2002 
300 |a 603 s.  |c 23 cm 
490 1 |a Beiträge zur Sprachinselforschung  |v Bd. 18 
500 |a Súbež. názov tal. 
650 0 7 |a nemčina  |x dialekty  |2 SNKPH  |9 287943 
650 0 7 |a nemčina  |x dialekty  |z Tischelwang/Timau (Taliansko)  |2 SNKPH  |9 691224 
655 7 |a jazykové slovníky  |2 SNKPH  |9 70525 
700 1 |a Geyer, Ingeborg  |d 1950-  |9 598816 
830 0 |a Beiträge zur Sprachinselforschung  |9 598818 
919 |a 3-7069-0169-2 
999 |c 1075608  |d 1077538 
952 |t P60, <04>, [BOOK], {604}, -K-  |a SNK  |b SNK  |y VYP  |7 0  |p 17A0448634  |o snkIC 131759  |i snkV 1461/2004  |8 2  |g 64.53  |0 0  |1 0  |4 0  |d 2004-10-07  |l 0  |r 2005-01-02 00:00:00  |w 2026-02-24